Biblioteca

Universidad un desafío a la iglesia : misión estratégica / Pedro Blowes (Registro nro. 32212)

Detalles MARC
000 -LÍDER
Campo fijo de descripción fija 012010000a22002170004500
020 ## - NÚMERO INTERNACIONAL NORMALIZADO PARA LIBROS
Número Internacional Normalizado del libro 978-950-683-141-7
082 04 - NÚMERO DE CLASIFICACIÓN DECIMAL DEWEY
Número de clasificación G 266.022 B6577u
001 - NÚMERO DE CONTROL
Campo de control 764
100 1# - ASIENTO PRINCIPAL--NOMBRE PERSONAL
Nombre personal Blowes, Pedro
245 10 - TÍTULO
Título del Material Universidad un desafío a la iglesia : misión estratégica / Pedro Blowes
250 ## - MENCIÓN DE EDICIÓN
Mención de edición 2
260 ## - PUBLICACIÓN, DISTRIBUCIÓN, ETC. (PIE DE IMPRENTA)
Lugar de publicación, distribución, etc. Buenos Aires : Certeza Argentina
300 ## - DESCRIPCIÓN FÍSICA
Extensión 80 p.
336 ## - CONTENT TYPE
Content type term texto
Content type code txt
Source rdacontent
337 ## - MEDIA TYPE
Source rdamedia
Media type term sin mediación
Media type code n
338 ## - CARRIER TYPE
Source rdacarrier
Carrier type term volumen
Carrier type code nc
505 00 - NOTA DE CONTENIDO
Nota de contenido con formato preestablecido Los fundamentos -- Los estudiantes y sus necesidades -- Cómo acompañar la obra estudiantil -- Un desafío que nos compromete
650 14 - ASIENTO SECUNDARIO DE MATERIA - TERMINO TEMÁTICO
Término temático o nombre geográfico como elemento de entrada EVANGELIZACION \ IGLESIA Y UNIVERSIDAD \ MISIONES - OBRA EDUCATIVA \ EDUCACION SUPERIOR - AMERICA LATINA - EVANGELIZACION
942 ## - TIPO DE MATERIAL (KOHA)
Tipo de Item KOHA Libros General
Existencias
Estado de Material Estado de Perdido Estado de Dañado No para Préstamo Colección Tomo Biblioteca de Origen Biblioteca Permanente Fecha de Adquisición Total de Préstamos Signatura Topográfica Código de Barras Última vez visto Ejemplar/Existencia Fecha de Remplazo Tipo de Material
        Colección General   Biblioteca FUSBC Biblioteca FUSBC 30/11/2012   G 266.022 B6577u 17485 20/02/2024 2016-12-02 26/01/2016 Libros General

Biblioteca FUSBC | Teléfono: (57+4) 349 88 10 Ext. 141| WhatsApp (+57) 3005338115 
E-mail: biblioteca@unisbc.edu.co | Calle 76 87-14 Robledo Palenque, Medellín, Colombia

Con tecnología Koha